[Event "Moscow ch"]
[Site "Moscow"]
[Date "1987.??.??"]
[Round "?"]
[White "Sveshnikov, Evgeny"]
[Black "Vyzmanavin, Alexey"]
[Result "1/2-1/2"]
[WhiteElo "2535"]
[BlackElo "2485"]

1.e4 c5 2.c3 Nf6 3.e5 Nd5 4.d4 cxd4 5.Nf3 Nc6 6.Bc4 Nb6 7.Bb3 d5 8.exd6 Qxd6
9.O-O Be6 10.Bxe6 Qxe6 11.Nxd4 Nxd4 12.Qxd4 Rd8 13.Qf4 g6 14.Be3 Bg7 15.Bxb6 Qxb6
16.Qa4+ Kf8 17.Na3 Bf6 18.Nc4 Qc5 19.Qb3 Kg7 20.Rad1 e6 21.Ne3 Bg5 22.Qxb7 Rb8
23.Qf3 Rxb2 24.Rd7 Rf8 25.g3 Rxa2 26.h4 Bf6 27.Rb1 Qxc3 28.Rbb7 a5 29.g4 Ra4
30.Ra7 Qb2 31.Kg2 Qe5 32.g5 Rxh4 33.Qxf6+ Qxf6 34.gxf6+ Kxf6 35.Rxa5 g5 36.Ra6 Kg6
37.Nd5 h5 38.Ne7+ Kg7 39.Nc6 Re4 40.Kh3 Rf4 41.Nd8 Kf6 42.Kg2 g4 43.Ra5 Kg6
44.Ra3 h4 45.f3 h3+ 46.Kg3 Rxf3+ 47.Rxf3 gxf3 48.Kxh3 e5 49.Kg3 e4 50.Nc6 Re8
51.Rd6+ Kg5 52.Nd4 Rg8 53.Nxf3+ Kf5+ 54.Kf2 exf3 55.Kxf3  1/2-1/2

[Event "Moscow ch"]
[Site "Moscow"]
[Date "1987.??.??"]
[Round "?"]
[White "Sveshnikov, Evgeny"]
[Black "Kiselev, Sergey"]
[Result "1/2-1/2"]
[WhiteElo "2535"]
[BlackElo "2395"]

1.e4 c5 2.c3 Nf6 3.e5 Nd5 4.d4 cxd4 5.Nf3 Nc6 6.Bc4 Nb6 7.Bb3 d5 8.exd6 Qxd6
9.O-O Be6 10.Bxe6 Qxe6 11.Nxd4 Nxd4 12.Qxd4 Rd8 13.Qh4 Qe2 14.Be3 e6 15.Nd2 Be7
16.Qg3 O-O 17.Bh6 Bf6 18.Rfe1 Qh5 19.Be3 Rd3 20.Qf3 Qxf3 21.Nxf3  1/2-1/2

[Event "Moscow-B"]
[Site "Moscow"]
[Date "1987.??.??"]
[Round "?"]
[White "Sveshnikov, Evgeny"]
[Black "Pigusov, Evgeny"]
[Result "1/2-1/2"]
[WhiteElo "2535"]
[BlackElo "2520"]

1.e4 c5 2.c3 Nf6 3.e5 Nd5 4.Nf3 Nc6 5.d4 cxd4 6.cxd4 d6 7.Bc4 Nb6 8.Bb5 dxe5
9.Nxe5 Bd7 10.Nc3 Nxe5 11.dxe5 Bxb5 12.Nxb5 Qxd1+ 13.Kxd1 Nd5 14.Bd2 e6 15.Rc1 Kd7
16.Be3 a6 17.Nc3 Be7 18.Ke2 Nxc3+ 19.Rxc3 Rhc8 20.Rd1+ Ke8 21.Rdc1 Rxc3 22.Rxc3 Kd7
23.Bb6 Rc8 24.Rd3+ Ke8 25.Rb3 Rc4 26.Kd3 Rb4  1/2-1/2

[Event "Namestovo"]
[Site "Namestovo"]
[Date "1987.??.??"]
[Round "1"]
[White "Luther, Thomas"]
[Black "Pekarek, Ales"]
[Result "1/2-1/2"]
[WhiteElo "2425"]
[BlackElo "2425"]

1.e4 c5 2.c3 Nf6 3.e5 Nd5 4.d4 cxd4 5.Nf3 e6 6.cxd4 b6 7.Bd3 Bb4+ 8.Bd2 Bxd2+
9.Qxd2 Ba6 10.Be4 Nc6 11.Nc3 Nxc3 12.bxc3 Rc8 13.h4 Qc7 14.Rh3 Ne7 15.Nh2 Bb7
16.Bxb7 Qxb7 17.Kf1 h5 18.Kg1 Rh6 19.Nf3 Rg6 20.Ng5 f6 21.Nf3 Nf5 22.Re1 Qd5
23.Re2 Rg4 24.Qd3 Rc4 25.Ne1 Kd8 26.f3 Rg6 27.Nc2 Qc6 28.Nb4 Qc8 29.f4 Rg4
30.d5 a5 31.Nc6+ Rxc6 32.dxc6 Qxc6 33.exf6  1/2-1/2

[Event "Namestovo"]
[Site "Namestovo"]
[Date "1987.??.??"]
[Round "4"]
[White "Blatny, Pavel"]
[Black "Jansa, Vlastimil"]
[Result "1-0"]
[WhiteElo "2405"]
[BlackElo "2465"]

1.e4 c5 2.c3 Nf6 3.e5 Nd5 4.d4 cxd4 5.Nf3 e6 6.cxd4 b6 7.Bd3 Bb4+ 8.Bd2 Bxd2+
9.Nfxd2 O-O 10.Nc3 Nxc3 11.bxc3 Ba6 12.Ne4 Bxd3 13.Qxd3 Nc6 14.O-O Ne7 15.f4 f5
16.exf6 gxf6 17.Qh3 Kh8 18.Rf3 Nf5 19.g4 d5 20.gxf5 dxe4 21.Rg3 exf5 22.Qxf5 Qe7
23.Re1 Rae8 24.Kf2 Qa3 25.Re2 e3+ 26.Rgxe3 Rxe3 27.Rxe3 Qxa2+ 28.Re2 Qf7
29.Re6 Kg7 30.Qe4 Qg6 31.Re7+ Rf7 32.f5 Qg5 33.Rxf7+ Kxf7 34.Qb7+ Kg8 35.Qb8+ Kg7
36.Qxa7+ Kh6 37.Qxb6 Qf4+ 38.Ke2 Qxh2+ 39.Kd3 Qh3+ 40.Kc4 Qxf5 41.d5 Kg6
42.Qe6 h5 43.Qe8+ Kg5 44.d6 Qf4+ 45.Kc5 Qf2+ 46.Kc6 Qf3+ 47.Kc7 Qxc3+ 48.Qc6 Qe5
49.Kb7 f5 50.d7 Qh8 51.Kc7  1-0

[Event "Namestovo"]
[Site "Namestovo"]
[Date "1987.??.??"]
[Round "6"]
[White "Nun, Jiri"]
[Black "Jansa, Vlastimil"]
[Result "1/2-1/2"]
[WhiteElo "2460"]
[BlackElo "2465"]

1.e4 c5 2.c3 Nf6 3.e5 Nd5 4.d4 cxd4 5.Nf3 e6 6.cxd4 b6 7.Bd3 Bb4+ 8.Bd2 Bxd2+
9.Qxd2 Ba6 10.O-O O-O 11.Nc3 Bxd3 12.Qxd3 Nxc3 13.bxc3 Nc6 14.h4 h6 15.Rfe1 Rc8
16.h5 Na5 17.Nd2 d5 18.Re3 Nc4 19.Rg3 Qh4 20.Rh3 Qe7 21.Re1 Qa3 22.Nxc4 Rxc4
23.Qd2 b5 24.Rg3 Kh8 25.Ree3 b4 26.Rxg7 Kxg7 27.Rg3+ Kh7 28.Qc2+ Kh8 29.Qd2 Kh7  1/2-1/2

[Event "Namestovo"]
[Site "Namestovo"]
[Date "1987.??.??"]
[Round "11"]
[White "Blatny, Pavel"]
[Black "Pekarek, Ales"]
[Result "1-0"]
[WhiteElo "2405"]
[BlackElo "2425"]

1.e4 c5 2.c3 Nf6 3.e5 Nd5 4.d4 cxd4 5.Nf3 e6 6.cxd4 b6 7.Nc3 Nxc3 8.bxc3 Qc7
9.Bd2 d6 10.Bd3 Nd7 11.O-O dxe5 12.Re1 Bd6 13.dxe5 Be7 14.Ng5 Bb7 15.Qh5 Bxg5
16.Qxg5 h6 17.Qh4 Nc5 18.Bb5+ Bc6 19.Bf1 Qd8 20.Qd4 O-O 21.Be3 Qe7 22.Qb4 Rfd8
23.Rad1 Kf8 24.Rd4 Rd5 25.Qb1 Kg8 26.Rg4 Kh8 27.Bd4 Rad8 28.Re3 R5d7 29.Rh3 Qf8
30.Qc1 Kh7 31.Qe3 a6 32.Rgh4 Bb5 33.g4 Bxf1 34.Kxf1 Rd5 35.g5 Nd7 36.Rf4 Qe7
37.Qe4+ Kg8 38.gxh6 g6 39.h7+ Kh8 40.Qxd5 exd5 41.e6+ f6 42.exd7 Rf8 43.Rxf6 Rxf6
44.Rh6  1-0

[Event "Namestovo"]
[Site "Namestovo"]
[Date "1987.??.??"]
[Round "12"]
[White "Luther, Thomas"]
[Black "Stohl, Igor"]
[Result "1-0"]
[WhiteElo "2425"]
[BlackElo "2450"]

1.e4 c5 2.c3 Nf6 3.e5 Nd5 4.d4 cxd4 5.Nf3 e6 6.cxd4 b6 7.Nc3 Nxc3 8.bxc3 Qc7
9.Bd2 d6 10.Bd3 Nd7 11.O-O dxe5 12.Re1 Bd6 13.Nxe5 Bxe5 14.dxe5 Bb7 15.Bg5 Qc5
16.Qa4 h6 17.Bh4 g5 18.Be4 b5 19.Qc2 Bxe4 20.Qxe4 Qd5 21.Qxd5 exd5 22.e6 gxh4
23.exd7+ Kxd7 24.Rad1 Kd6 25.Re4 Rac8 26.Red4 Rc5 27.R1d3 Rhc8 28.h3 h5 29.Rf3 Rxc3
30.Rf5 Rc1+ 31.Kh2 R8c2 32.Rdxd5+ Ke6 33.Rde5+ Kd6 34.Rxb5 Rxa2 35.Rxf7 Rcc2
36.Rxh5 Rxf2 37.Rxf2 Rxf2 38.Rxh4 Kc5 39.Ra4 Rf7 40.h4 Kb5 41.Ra1  1-0

[Event "Netanya op"]
[Site "Netanya"]
[Date "1987.??.??"]
[Round "4"]
[White "Motwani, Paul"]
[Black "Rechlis, Gad"]
[Result "1/2-1/2"]
[WhiteElo "2425"]
[BlackElo "2445"]

1.e4 c5 2.c3 Nf6 3.e5 Nd5 4.d4 cxd4 5.Nf3 d6 6.Qxd4 e6 7.Nbd2 Nc6 8.Bb5 Bd7
9.Bxc6 Bxc6 10.Nc4 f6 11.exd6 b5 12.Qe4 Bd7 13.Ne3 Nb6 14.O-O Bxd6 15.Nf5 Bf8
16.Rd1 Kf7  1/2-1/2

[Event "Netanya op"]
[Site "Netanya"]
[Date "1987.??.??"]
[Round "9"]
[White "Kotliar, Mark"]
[Black "Rechlis, Gad"]
[Result "0-1"]
[WhiteElo "2325"]
[BlackElo "2445"]

1.e4 c5 2.c3 Nf6 3.e5 Nd5 4.d4 cxd4 5.Nf3 Nc6 6.Bc4 Nb6 7.Bb3 d5 8.exd6 Qxd6
9.O-O Be6 10.Bxe6 Qxe6 11.cxd4 Qd7 12.Nc3 e6 13.Bg5 h6 14.Bh4 Bb4 15.a3 Bxc3
16.bxc3 O-O 17.Qe2 Rac8 18.Rab1 Nd5 19.Rfc1 b6 20.Bg3 Nde7 21.Rd1 Nf5 22.c4 Rfd8
23.d5 Na5 24.Rb4 Rc5 25.Ne5 Qe8 26.dxe6 Rxd1+ 27.Qxd1 Qxe6 28.Qd8+ Kh7 29.Rb1 Rxe5
30.Bxe5 Qxe5 31.Qd5 Qxd5 32.cxd5 Nc4 33.a4 Kg6 34.Rc1 Nfd6 35.Re1 Kf6 36.Re2 a6
37.f3 b5 38.axb5 axb5 39.Re1 Nb6 40.Kf2 Nxd5 41.g3 Nc4 42.Ke2 Ke5 43.Kd3+ Kd6
44.Kd4 Nd2 45.Rd1 Nxf3+ 46.Ke4 Ng5+ 47.Kd4 f5 48.h4 Ne6+ 49.Kd3 h5 50.Rd2 Nc5+
51.Kc2 b4 52.Rd1 b3+  0-1

[Event "New York op"]
[Site "New York"]
[Date "1987.??.??"]
[Round "?"]
[White "Lenchner, J."]
[Black "Sherzer, Alex"]
[Result "0-1"]
[WhiteElo "2235"]
[BlackElo "2355"]

1.e4 c5 2.c3 Nf6 3.e5 Nd5 4.d4 e6 5.Nf3 Nc6 6.c4 Ndb4 7.d5 exd5 8.cxd5 Nd4
9.Nxd4 cxd4 10.a3 Qa5 11.Bd2 d3 12.axb4 Qxa1 13.Bc3 d2+ 14.Nxd2 Qxd1+ 15.Kxd1 d6
16.f4 Bg4+ 17.Kc2 Rc8 18.Kb3 a6 19.Bd3 Rd8 20.Be4 Be7 21.Re1 O-O 22.f5 dxe5
23.h3 Bh4 24.g3 Bxg3 25.Rg1 Bxf5 26.Bxf5 Bf4 27.Be4 f5 28.Bh1 Bxd2 29.Bxd2 e4
30.Kc4 Rf7 31.Bf4 Rfd7 32.d6 Rxd6 33.Bxd6 Rxd6 34.Kc5 Rc6+ 35.Kd5 Rc2 36.Rg2 Rc1
37.Rh2 Kf7 38.Ke5 Rf1 39.Kd4 g5 40.Ke3 Kf6 41.Bg2 Rg1 42.Kd4 h5 43.Bxe4 fxe4
44.Kxe4 g4 45.Rf2+ Kg5 46.Rf5+ Kh4 47.hxg4 Rxg4+ 48.Rf4 Kg3  0-1

[Event "New York op"]
[Site "New York"]
[Date "1987.??.??"]
[Round "?"]
[White "Lenchner, J."]
[Black "Valvo, Michael J"]
[Result "1-0"]
[WhiteElo "2235"]
[BlackElo "2405"]

1.e4 c5 2.c3 Nf6 3.e5 Nd5 4.d4 cxd4 5.Nf3 e6 6.cxd4 b6 7.a3 Be7 8.Bd3 Ba6
9.O-O O-O 10.Re1 d6 11.Bxa6 Nxa6 12.Nbd2 dxe5 13.Nxe5 Qc7 14.Ne4 Rac8 15.Qf3 Nc5
16.Nxc5 bxc5 17.dxc5 Bxc5 18.Nd3 Bd4 19.Re4 Qb6 20.Qd1 Rfd8 21.Qa4 e5 22.Re2 Qg6
23.Nxe5 Qe6 24.Qxd4 Nc3 25.bxc3 Rxd4 26.cxd4 f6 27.Bb2 fxe5 28.dxe5 Rb8 29.Rae1 Rb3
30.h3 g5 31.Rd2 Rb6 32.Red1 Qb3 33.Bd4 Re6 34.Rd3 Qb5 35.Bxa7 Qxe5 36.Rd5 Qf6
37.Be3 h6 38.a4 Qc3 39.Rd7 Ra6 40.Rc1  1-0

[Event "NLD-chT"]
[Site "NLD"]
[Date "1987.??.??"]
[Round "?"]
[White "Van de Oudeweetering, Arthur"]
[Black "Nieuwenhuis, Pieter"]
[Result "0-1"]
[WhiteElo "2270"]
[BlackElo "2355"]

1.e4 c5 2.c3 Nf6 3.e5 Nd5 4.d4 cxd4 5.Nf3 Nc6 6.Bc4 e6 7.cxd4 b5 8.Bxd5 exd5
9.O-O b4 10.Bg5 Qb6 11.h3 h6 12.Bh4 a5 13.Qd2 g5 14.Bg3 Be7 15.Qe3 Ba6 16.Rd1 Rc8
17.a4 Nd8 18.Nbd2 Ne6 19.Rac1 O-O 20.Nf1 Ng7 21.Qd2 Nf5 22.Ne3 Nxe3 23.Qxe3 Qg6
24.Qd2 Bc4 25.Qe3 Ba6 26.Qd2 Qe4 27.Nh2 Qe2 28.Qxe2 Bxe2 29.Re1 Bc4 30.Ng4 Kh7
31.Nf6+ Bxf6 32.exf6 Kg6 33.Bd6 Rfe8 34.Rxe8 Rxe8 35.Bc7 b3 36.Bxa5 Ra8 37.Bc3 Rxa4
38.Kh2 Bd3 39.Kg3 Rc4 40.Rd1 Bc2 41.Rc1 Kxf6 42.Bd2 Kf5 43.Re1 Rxd4 44.Bc1 Re4
45.Rf1 h5 46.Kh2 d4 47.Kg1 Re2 48.f3 h4 49.Rf2 Re6 50.Bd2 d3 51.Rf1 d5 52.Re1 Ra6
53.Bc3 d4 54.Bd2 Ra2 55.Bc1 d2  0-1

[Event "URS-ch otbor"]
[Site "Norilsk"]
[Date "1987.??.??"]
[Round "?"]
[White "Sveshnikov, Evgeny"]
[Black "Khasin, Alexander"]
[Result "0-1"]
[WhiteElo "2490"]
[BlackElo "2410"]

1.e4 c5 2.c3 Nf6 3.e5 Nd5 4.d4 cxd4 5.Nf3 Nc6 6.Bc4 Nb6 7.Bb3 d5 8.exd6 Qxd6
9.O-O Be6 10.Bxe6 Qxe6 11.a4 Rd8 12.a5 dxc3 13.Qc2 Nb4 14.Qxc3 N6d5 15.Qb3 Qd7
16.a6 b5 17.Nc3 e6 18.Ne5 Qd6 19.Re1 Be7 20.Nxb5 Qb8 21.Nd4 O-O 22.Qg3 Qb6
23.Bh6 Bf6 24.Re4 Ne7 25.Be3 Nbd5 26.Ng4 Qxb2 27.Rf1 Ng6 28.Nc6 Qc2 29.Nxd8 Qxe4
30.Nxf6+ gxf6 31.Nb7 Qc4 32.Nd6 Qxa6 33.Ne4 f5 34.Ng5 f6 35.Nxh7 Kxh7 36.Qh3+ Kg8
37.Qh6 Nde7 38.Bc5 Qc4 39.Bxe7 Nxe7 40.f4 Qd4+ 41.Kh1 Rc8 42.h3 a5 43.Rb1 a4
44.Rb7 Rc1+ 45.Kh2 Qg1+ 46.Kg3 Rc3+ 47.Kh4 Qf2+ 48.Kh5 Qxg2 49.Rb8+ Rc8 50.Rxc8+ Nxc8
51.Qxf6 Qg7  0-1

[Event "Porabka"]
[Site "Porabka"]
[Date "1987.??.??"]
[Round "5"]
[White "Halasz, Tamas"]
[Black "Bielczyk, Jacek"]
[Result "1-0"]
[WhiteElo "2400"]
[BlackElo "2385"]

1.e4 c5 2.c3 Nf6 3.e5 Nd5 4.d4 cxd4 5.Nf3 Nc6 6.Bc4 Nb6 7.Bb3 d5 8.exd6 exd6
9.Nxd4 Be7 10.O-O O-O 11.Bf4 Ne5 12.Nd2 Ng6 13.Bg3 d5 14.a4 Bf6 15.a5 Nd7
16.Bxd5 Nde5 17.Qb3 h5 18.a6 Rb8 19.axb7 Bd7 20.h3 h4 21.Bh2 Ne7 22.Be4 a5
23.Nc4 a4 24.Qb4 N7g6 25.Bxg6 Nxg6 26.Bxb8 Qxb8 27.Nb6  1-0

[Event "Porabka"]
[Site "Porabka"]
[Date "1987.??.??"]
[Round "13"]
[White "Bielczyk, Jacek"]
[Black "Pekarek, Ales"]
[Result "1/2-1/2"]
[WhiteElo "2385"]
[BlackElo "2480"]

1.e4 c5 2.c3 Nf6 3.e5 Nd5 4.d4 cxd4 5.Qxd4 e6 6.Nf3 Nc6 7.Qe4 f5 8.Qe2 Be7
9.g3 O-O 10.Bg2 d6 11.O-O dxe5 12.Nxe5 Nxe5 13.Qxe5 Bf6 14.Qe2 Ne7 15.Nd2 Nc6  1/2-1/2

[Event "Primorsko op"]
[Site "Primorsko"]
[Date "1987.??.??"]
[Round "7"]
[White "Deev, Andrei"]
[Black "Lalev, Dimitar"]
[Result "0-1"]
[WhiteElo "2325"]
[BlackElo "2435"]

1.e4 c5 2.c3 Nf6 3.e5 Nd5 4.d4 cxd4 5.Nf3 e6 6.cxd4 b6 7.Nc3 Nxc3 8.bxc3 Qc7
9.a4 Bb7 10.Bd2 Be7 11.c4 d6 12.Bd3 dxe5 13.Nxe5 Nc6 14.Nxc6 Qxc6 15.Qg4 O-O
16.O-O Rfd8 17.Bc3 Bf6 18.Rfd1 g6 19.f3 Rac8 20.a5 bxa5 21.Rxa5 Ba6 22.Rc5 Qa4
23.Ra1 Qb3 24.Rxc8 Bxc8 25.Rc1 e5 26.Qg3 exd4 27.Qf4 dxc3 28.Rb1 Qa3 29.Qxf6 Rxd3
30.Rb8 Qc5+ 31.Kf1 Rd1+  0-1

[Event "Riga op"]
[Site "Riga"]
[Date "1987.??.??"]
[Round "?"]
[White "Sveshnikov, Evgeny"]
[Black "Vitolinsh, Alvis"]
[Result "1-0"]
[WhiteElo "2535"]
[BlackElo "2415"]

1.e4 c5 2.c3 Nf6 3.e5 Nd5 4.d4 cxd4 5.Nf3 Nc6 6.Bc4 Nb6 7.Bb3 d5 8.exd6 Qxd6
9.O-O g6 10.Ng5 e6 11.Qf3 f5 12.Re1 Be7 13.Bf4 e5 14.Nf7  1-0

[Event "FRA-ch"]
[Site "Rouen"]
[Date "1987.??.??"]
[Round "2"]
[White "Degraeve, Jean Marc"]
[Black "Cerisier, Philippe"]
[Result "1-0"]
[WhiteElo "2310"]
[BlackElo "2275"]

1.e4 c5 2.c3 Nf6 3.e5 Nd5 4.d4 cxd4 5.Nf3 e6 6.cxd4 b6 7.Bd3 Bb4+ 8.Bd2 Bxd2+
9.Qxd2 Ba6 10.Be4 Nc6 11.Nc3 Nxc3 12.bxc3 Rc8 13.h4 Ne7 14.Rc1 Qc7 15.Rh3 h6
16.h5 Qc4 17.Nh2 Nd5 18.Rg3 Kf8 19.Rf3 Ke7 20.Qb2 Ke8 21.Rc2 f5 22.Bd3 Qa4
23.Bxa6 Qxa6 24.Nf1 b5 25.Nd2 Nb6 26.Rc1 Nc4 27.Nxc4 bxc4 28.Rb1 Qc6 29.Qb7 Ke7
30.Rg3 Rhg8 31.Qxc6 Rxc6 32.Rb4 Rb6 33.a3 Rxb4 34.cxb4 d5 35.exd6+ Kxd6 36.Kd2 a5
37.b5 a4 38.Kc3 Rb8 39.Kxc4 Rc8+ 40.Kb4 Kd5 41.Rxg7  1-0

[Event "FRA-ch"]
[Site "Rouen"]
[Date "1987.??.??"]
[Round "11"]
[White "Meinsohn, Francis"]
[Black "Cerisier, Philippe"]
[Result "0-1"]
[WhiteElo "2265"]
[BlackElo "2275"]

1.e4 c5 2.c3 Nf6 3.e5 Nd5 4.d4 cxd4 5.Nf3 e6 6.cxd4 b6 7.Nc3 Nxc3 8.bxc3 Qc7
9.Bd2 Bb7 10.Bd3 d6 11.O-O Nd7 12.Re1 Be7 13.Re3 g6 14.exd6 Qxd6 15.Ne5 Nxe5
16.dxe5 Qd7 17.Qe2 O-O 18.Re1 Qa4 19.Rg3 Qxa2 20.Qe3 Rfd8 21.h4 Rxd3 22.Qxd3 Rd8
23.Bh6 Rxd3 24.Rxd3 Bc6 25.Red1 f5 26.exf6 Bxf6 27.Rd6 Qc4 28.R1d4 Bxd4 29.Rxd4 Qxc3
30.Rf4 Qc5 31.Kh2 a5 32.g3 a4  0-1

[Event "Sevilla op"]
[Site "Sevilla"]
[Date "1987.??.??"]
[Round "?"]
[White "Ochoa de Echaguen, F Javier"]
[Black "Giorgadze, Tamaz"]
[Result "1/2-1/2"]
[WhiteElo "2430"]
[BlackElo "2505"]

1.e4 c5 2.c3 Nf6 3.e5 Nd5 4.d4 cxd4 5.Nf3 Nc6 6.Bc4 Nb6 7.Bb3 d5 8.exd6 Qxd6
9.O-O Be6 10.Bxe6 Qxe6 11.Nxd4 Nxd4 12.Qxd4 Rd8 13.Qf4 g6 14.Na3 Bg7 15.Nb5 Nd5
16.Nc7+ Nxc7 17.Qxc7 Qd7 18.Qxd7+ Rxd7 19.Be3 a6 20.Rfd1 Be5 21.Bb6 Bc7 22.Bxc7 Rxc7
23.Rd4 e6 24.Rad1 Ke7 25.Kf1 h5 26.Ke2 g5 27.f3 Rg8 28.R1d3 h4 29.Rd2 b6
30.Rb4 Rc6 31.Rbd4 Rc7 32.Rb4 Rc6 33.Rbd4  1/2-1/2

[Event "Rilton Cup"]
[Site "Stockholm"]
[Date "1987.??.??"]
[Round "?"]
[White "Andersson, B."]
[Black "Sjoberg, Mats"]
[Result "0-1"]
[WhiteElo "2310"]
[BlackElo "2370"]

1.e4 c5 2.c3 Nf6 3.e5 Nd5 4.d4 cxd4 5.Nf3 b6 6.cxd4 Bb7 7.Nc3 Nxc3 8.bxc3 e6
9.Bd3 Be7 10.O-O Nc6 11.Re1 d6 12.Qe2 dxe5 13.dxe5 Qc7 14.Ng5 h6 15.Nxf7 Kxf7
16.Qh5+ Kg8 17.Qg4 Nd8 18.Bf4 Bc5 19.Rad1 Be4 20.c4 Bc6 21.Bg6 Qe7 22.Bg3 Nf7
23.Bh4 Ng5 24.Rd2 Be8 25.Bxe8 Rxe8 26.Kh1 Qf7 27.f4 Nh7 28.Red1 Nf8 29.Rd3 Kh7
30.Rg3 Rg8 31.Qf3 Ng6 32.Qh5 Bf2 33.f5 exf5  0-1

[Event "BCF-ch"]
[Site "Swansea"]
[Date "1987.??.??"]
[Round "?"]
[White "Lane, Gary W"]
[Black "Coleman, David"]
[Result "1-0"]
[WhiteElo "2285"]
[BlackElo "2270"]

1.e4 c5 2.c3 Nf6 3.e5 Nd5 4.d4 cxd4 5.Nf3 Nc6 6.Bc4 Nb6 7.Bb3 d5 8.exd6 Qxd6
9.O-O Be6 10.Bxe6 Qxe6 11.Nxd4 Nxd4 12.Qxd4 Rd8 13.Qf4 Qd7 14.Re1 e6 15.Qg4 h5
16.Qg3 Nd5 17.Nd2 Nf6 18.Nf3 Qd5 19.Bg5 Bc5 20.h3 Qd3 21.Rac1 Rd6 22.b4 Bb6
23.c4 Rd7 24.Qb8+ Bd8 25.Ne5  1-0

[Event "Tashkent"]
[Site "Tashkent"]
[Date "1987.??.??"]
[Round "?"]
[White "Malaniuk, Vladimir P"]
[Black "Rashkovsky, Nukhim N"]
[Result "1/2-1/2"]
[WhiteElo "2545"]
[BlackElo "2470"]

1.e4 c5 2.c3 Nf6 3.e5 Nd5 4.d4 cxd4 5.Nf3 Nc6 6.cxd4 d6 7.Bc4 Nb6 8.Bb5 dxe5
9.Nxe5 Bd7 10.Bxc6 Bxc6 11.Nxc6 bxc6 12.O-O e6 13.Qg4 h5 14.Qe2 Be7 15.Rd1 g6
16.h3 O-O 17.Nc3 Nd5 18.Ne4 Nf6 19.Bf4 Nxe4 20.Qxe4 Qd5 21.Qxd5 cxd5 22.Rac1 Rfc8
23.Kf1 Kf8 24.Ke2 Ke8 25.Kf3 g5 26.Be3 f5 27.Ke2 Kd7 28.Rd3 Rxc1 29.Bxc1 Rc8
30.Kd1 Rc4 31.f3 Ke8 32.Be3 Kd7 33.Rb3  1/2-1/2

[Event "Tbilisi"]
[Site "Tbilisi"]
[Date "1987.??.??"]
[Round "?"]
[White "Giorgadze, Tamaz"]
[Black "Lanc, Alois"]
[Result "1/2-1/2"]
[WhiteElo "2505"]
[BlackElo "2495"]

1.e4 c5 2.c3 Nf6 3.e5 Nd5 4.Nf3 Nc6 5.d4 cxd4 6.cxd4 d6 7.Bc4 Nb6 8.Bb5 dxe5
9.Nxe5 Bd7 10.Bxc6 Bxc6 11.Nxc6 bxc6 12.O-O g6 13.Re1 Bg7 14.Bg5 Nc8 15.Qa4 O-O
16.Qxc6 Rb8 17.Qc2 Qxd4 18.Nc3 Rb7 19.Rac1 Qg4 20.Qd2 Rd7 21.Qf4 Qxf4 22.Bxf4 Nb6
23.Red1 Rxd1+ 24.Nxd1 Nd5 25.Bd2 Rb8 26.b3 Bd4 27.Kf1 Kf8 28.Rc4 Bb6 29.Nc3 Nxc3
30.Bxc3 Ke8 31.Ke2 h5 32.h3 Kd7 33.Kd3 Rg8 34.b4 a6 35.f3 Rb8 36.a4 Rb7 37.Be5 f6
38.Bc3 Bc7 39.Bd4 Bg3 40.Bc5 Be5 41.Re4 Bd6 42.Kc4 a5 43.Bxd6 exd6 44.bxa5 Ra7
45.Kb4 Rb7+ 46.Ka3 Ra7 47.Rf4 f5 48.Rb4 Rxa5 49.Rb7+ Ke6 50.Rg7 Kf6 51.Rc7 Ke5
52.Re7+ Kf4 53.Kb4 Ra8 54.Re2 d5 55.Rd2 Rb8+ 56.Kc3 Ra8  1/2-1/2

[Event "Trnava"]
[Site "Trnava"]
[Date "1987.??.??"]
[Round "?"]
[White "Smagin, Sergey"]
[Black "Stohl, Igor"]
[Result "1/2-1/2"]
[WhiteElo "2505"]
[BlackElo "2465"]

1.e4 c5 2.c3 Nf6 3.e5 Nd5 4.d4 cxd4 5.Nf3 Nc6 6.Bc4 Nb6 7.Bb3 d5 8.exd6 Qxd6
9.O-O Be6 10.Bxe6 Qxe6 11.Nxd4 Nxd4 12.Qxd4 Rd8 13.Qf4 g6 14.Na3 Bg7 15.Nb5 Nd5
16.Nc7+ Nxc7 17.Qxc7 Qd7 18.Qa5 b6 19.Qa6 O-O 20.a4 Rb8 21.Bg5 Qb7 22.Qe2 h6
23.Be3 Rfd8 24.Rfd1 Qe4 25.Qa6 Qc2 26.Rdc1 Qxb2 27.Qxa7 Bxc3 28.g3 Ra8 29.Qxe7 Qb3
30.Rab1 Qxa4 31.Qc7 Bg7 32.Qxb6  1/2-1/2

[Event "Tirnavia-B"]
[Site "Trnava"]
[Date "1987.??.??"]
[Round "9"]
[White "Blatny, Pavel"]
[Black "Raicevic, Momcilo"]
[Result "1-0"]
[WhiteElo "2405"]
[BlackElo "2390"]

1.e4 c5 2.c3 Nf6 3.e5 Nd5 4.d4 cxd4 5.Nf3 Nc6 6.Bc4 Nb6 7.Bb3 d5 8.exd6 Qxd6
9.Na3 Be6 10.Nb5 Qd7 11.Bxe6 Qxe6+ 12.Be3 Qd7 13.Nbxd4 e6 14.O-O Be7 15.Nxc6 Qxc6
16.Ne5 Qb5 17.Bxb6 axb6 18.Re1 O-O 19.Qd7 Qxd7 20.Nxd7 Rfd8 21.Nxb6 Ra6 22.Nc4 b5
23.Ne3 Rd2 24.Nd1 Bc5 25.Kf1 Rad6 26.b4 Bb6 27.a4 bxa4 28.c4 R6d3 29.c5 Bd8
30.Ne3 f5 31.g3 g5 32.Rxa4 f4 33.Ng2 Rb3 34.gxf4 Rbb2 35.Kg1 Rxf2 36.Ne3 gxf4
37.Nf1 Bh4 38.Rd1 f3 39.Kh1 Rg2 40.Rd7 Ra2 41.Rxa2 Rxa2 42.Rd3 Be1 43.c6 Rc2
44.b5 Ba5 45.Rxf3 Rb2 46.Rc3 Bc7 47.Rc5 Kf7 48.h3 Ke7 49.Rh5 h6 50.Ne3 Rb4
51.Ng4 Bf4 52.Rc5 Kd8 53.Nf6 Bd6 54.Rc1 Bc7 55.Rc5 Bd6 56.Rh5 Bf4 57.Nd7 Bc7
58.Rc5 Bd6 59.Rh5 Bf4 60.Nf8 Kc7 61.Ng6 Be3 62.Kg2 Bc5 63.Rxc5  1-0

[Event "US op"]
[Site "?"]
[Date "1987.??.??"]
[Round "5"]
[White "O'Donnell, Tom"]
[Black "Kopec, Danny"]
[Result "0-1"]
[WhiteElo "2280"]
[BlackElo "2420"]

1.e4 c5 2.c3 Nf6 3.e5 Nd5 4.d4 cxd4 5.Nf3 Nc6 6.Bc4 Nb6 7.Bb3 d5 8.exd6 Qxd6
9.O-O Bf5 10.Nxd4 Nxd4 11.cxd4 g6 12.Nc3 Bg7 13.Qf3 Qd7 14.h3 h5 15.Bg5 O-O
16.Rfe1 Rae8 17.Nd5 Nxd5 18.Bxd5 e6 19.Bxb7 Rb8 20.Bc6 Qxd4 21.Be3 Qxb2 22.Bxa7 Rbd8
23.Rac1 Bh6 24.Ra1 Bd2 25.Red1 Bc2 26.Rf1 Qe5 27.Be3 Rd3 28.Qe2 Rfd8 29.Bb5 Rxe3
30.fxe3 Bxe3+ 31.Kh1 Be4 32.Rad1 Rb8 33.Rde1 Qg3  0-1

[Event "Uzhgorod"]
[Site "Uzhgorod"]
[Date "1987.??.??"]
[Round "?"]
[White "Rozentalis, Eduardas"]
[Black "Shneider, Aleksandr"]
[Result "1/2-1/2"]
[WhiteElo "2455"]
[BlackElo "2470"]

1.e4 c5 2.c3 Nf6 3.e5 Nd5 4.d4 cxd4 5.cxd4 d6 6.Bc4 Nb6 7.Bb5+ Bd7 8.e6 Bxb5
9.Qh5 Qc8 10.Qxb5+ Kd8 11.Be3 Qc4 12.Qxc4 Nxc4 13.exf7 g6 14.Nf3 Kd7 15.Nc3 Bg7
16.h4 Nc6 17.h5 Raf8 18.b3 Nb6 19.Kd2 Rxf7 20.hxg6 hxg6 21.Rxh8 Bxh8 22.Rh1 Bf6
23.Rh6 Rg7 24.g4 e6 25.g5 Bd8 26.Ne4 Nd5 27.Nh4 Nce7 28.a3 Kc6 29.Kd3 b5
30.Nf6 Nf5 31.Nxd5 Kxd5 32.Rxg6 Rxg6 33.Nxg6 e5 34.dxe5 dxe5 35.f4 exf4 36.Nxf4+ Ke5
37.g6 a5 38.Nh5 Ke6 39.Bd4 Be7 40.Bb2 Bd6 41.Ke4 Ne7 42.g7 Kf7 43.Nf6 Bg3
44.Ng4  1/2-1/2

[Event "POL-ch (Women)"]
[Site "Wroclaw"]
[Date "1987.??.??"]
[Round "12"]
[White "Kurlenda, Alicja"]
[Black "Jalowiec, Halina"]
[Result "0-1"]
[WhiteElo "2000"]
[BlackElo "2000"]

1.e4 c5 2.c3 Nf6 3.e5 Nd5 4.d4 cxd4 5.cxd4 d6 6.Nf3 g6 7.Bc4 Nb6 8.Bb3 Bg7
9.e6 Bxe6 10.Bxe6 fxe6 11.Ng5 Qc8 12.Nc3 h6 13.Nf3 Qc4 14.Qc2 Bxd4 15.Qxg6+ Kd7
16.Nxd4 Qxd4 17.O-O Nc6 18.Be3 Qb4 19.Rad1 Rag8 20.Qh5 Qg4 21.Qxg4 Rxg4 22.h3 Rg6
23.Rfe1 Nc4 24.Bc1 N4e5 25.Kf1 h5 26.Bf4 Kc8 27.Nb5 Nf7 28.Be3 Kb8 29.a3 h4
30.Re2 Nfe5 31.f3 Rh5 32.Nd4 Nc4 33.Bf2 e5 34.Nb3 Rhg5 35.Re4 b5 36.Rxh4 Rxg2
37.Rd5 a6 38.a4 Nb4 39.Rd1 Nxb2 40.Rd2 Nc4 41.Rd1 Rh2 42.axb5 axb5 43.Rh8+ Kc7
44.Bg1 Rb2 45.Nd2 Nxd2+ 46.Ke2 Rg2+ 47.Ke3 Nd5+  0-1

[Event "Zuerich op"]
[Site "Zuerich"]
[Date "1987.??.??"]
[Round "5"]
[White "Mitrovic, Sinisa"]
[Black "Dizdarevic, Emir"]
[Result "1-0"]
[WhiteElo "2255"]
[BlackElo "2490"]

1.e4 c5 2.c3 Nf6 3.e5 Nd5 4.d4 cxd4 5.cxd4 e6 6.Nc3 Nxc3 7.bxc3 Qc7 8.Bd2 b6
9.Qg4 Bb7 10.Nf3 Nc6 11.Be2 h5 12.Qh3 O-O-O 13.O-O f6 14.exf6 gxf6 15.c4 Kb8
16.Rfc1 Bh6 17.Bxh6 Rxh6 18.d5 Ne5 19.Nd4 Rg8 20.c5 Bxd5 21.cxb6 Qd6 22.bxa7+ Ka8
23.Nb5 Bxg2 24.Qg3 Qf8 25.Nc7+ Kxa7 26.Qe3+ Kb8 27.Rab1+ Bb7+ 28.Kf1 Nc6
29.Qb6 Qc8 30.Ba6 Qxc7 31.Qxb7+ Qxb7 32.Rxb7+ Ka8 33.Rxd7 Nb8 34.Bb7+ Ka7
35.Re7 Kb6 36.Bc8 Na6  1-0

[Event "Wch Girls U20"]
[Site "Adelaide"]
[Date "1988.??.??"]
[Round "?"]
[White "Trabert, Bettina"]
[Black "Bojkovic, Natasa"]
[Result "0-1"]
[WhiteElo "2230"]
[BlackElo "2220"]

1.e4 c5 2.c3 Nf6 3.e5 Nd5 4.d4 cxd4 5.Bc4 Qc7 6.Qe2 Nb6 7.Bd3 Nc6 8.Nf3 d5
9.h3 e6 10.O-O dxc3 11.Nxc3 a6 12.Bf4 Be7 13.Rac1 f5 14.Qd1 O-O 15.Ne2 Qd8
16.Ned4 Bd7 17.a3 Na5 18.Nd2 Bg5 19.Qf3 Bxf4 20.Qxf4 Qe7 21.b4 Nc6 22.N2b3 Rfc8
23.Rfe1 Nxd4 24.Qxd4 Na4 25.g4 fxg4 26.Qxg4 Rxc1 27.Nxc1 Bb5 28.Bc2 Rc8 29.Bxa4 Bxa4
30.Ne2 Rc4 31.Nd4 Qf7 32.Re3 Bb5 33.Kg2 Bd7 34.Qh4 h6 35.Rg3 Kh7 36.Rg4 g5
37.Qg3 h5 38.Qd3+ Qg6 39.Rg3 Qxd3 40.Rxd3 Kh6  0-1

[Event "Augsburg"]
[Site "Augsburg"]
[Date "1988.??.??"]
[Round "?"]
[White "Roeder, Frank"]
[Black "Kouatly, Bachar"]
[Result "0-1"]
[WhiteElo "2365"]
[BlackElo "2440"]

1.e4 c5 2.c3 Nf6 3.e5 Nd5 4.d4 cxd4 5.cxd4 e6 6.Nc3 Nxc3 7.bxc3 d6 8.f4 Qc7
9.Bd2 g5 10.Rc1 Nc6 11.Nf3 gxf4 12.Bxf4 dxe5 13.Bxe5 Nxe5 14.Nxe5 a6 15.Qh5 Bg7
16.Bd3 Bxe5 17.dxe5 Qc5 18.Ke2 Bd7 19.Qg5 h6 20.Qf6 Rg8 21.Be4 Qc4+ 22.Ke3 Bb5
23.Rc2 Rd8 24.Rhc1 Qc5+ 25.Kf4 Bc6 26.Bxc6+ Qxc6 27.Qxh6 Rd3 28.Re2 Rxg2
29.Re3 Rf2+ 30.Kg4 Qg2+ 31.Rg3 Rxg3+ 32.hxg3 Qf3+ 33.Kh3 Qf5+  0-1